| 000 | 00826nam a2200253 a 4500 | ||
|---|---|---|---|
| 001 | 70060 | ||
| 003 | BD-RjUL | ||
| 005 | 20211209081947.0 | ||
| 008 | 170415r19831982nyu b 001 0 eng | ||
| 020 |
_a0471867373 : _c$39.95 (est.) |
||
| 035 | _a(BD-RjUL)70272 | ||
| 040 |
_aDLC _cDLC _dDLC _beng |
||
| 041 | _aeng | ||
| 082 | 0 | 0 |
_2123 _a512.7 _bSHI 1983 |
| 100 | 1 |
_aShapiro, Harold N. _9207492 |
|
| 245 | 1 | 0 |
_aIntroduction to the theory of numbers / _cHarold N. Shapiro. |
| 260 |
_aNew York : _bWiley, _c1982 [reprinted 1983] |
||
| 300 |
_axii, 459 p. ; _c24 cm. |
||
| 490 | 1 | _aPure and applied mathematics, | |
| 504 | _aIncludes bibliographical references and index. | ||
| 650 | 0 |
_aNumber theory. _9207493 |
|
| 830 | 0 |
_aPure and applied mathematics (John Wiley & Sons : unnumbered) _9206050 |
|
| 942 |
_2ddc _cBK |
||
| 999 |
_c70060 _d70060 |
||